| 000 | 00577nam a2200205 u 4500 | ||
|---|---|---|---|
| 005 | 20220603063657.0 | ||
| 008 | 080606s1985 r 000 0 eng d | ||
| 020 | _a8426121039 | ||
| 035 | _aUPN01000156627 | ||
| 049 | _aI | ||
| 050 | 4 |
_aPZ7 _bC4.7 |
|
| 100 | 1 |
_aClaret, María _935555 |
|
| 245 | 1 | 3 |
_aLa sorpresa de la ratita Blasa / _cMaría Claret. |
| 260 |
_aBarcelona, Esp. : _bJuventud, _c1985. |
||
| 300 |
_a[27] p. : _bil. col. |
||
| 440 | 0 | _aCuadrada | |
| 650 | 4 |
_aRATONES - _vLITERATURA INFANTIL _910248 |
|
| 650 | 4 |
_aCuentos infantiles _96744 |
|
| 905 | _aInfantil | ||
| 999 |
_c128741 _d128741 |
||